[Event "Giraldilla de La Habana op"]
[Site "Havana"]
[Date "2018.08.02"]
[Round "8"]
[White "Canda Orta, Jasiel"]
[Black "Gonzalez Crespo, Darian"]
[Result "0-1"]
[WhiteElo "2021"]
[BlackElo "2063"]
[PlyCount "94"]
[EventDate "2018.07.28"]
[EventType "swiss"]
[EventRounds "9"]
[EventCountry "CUB"]
[SourceTitle "EXT 2021"]
[Source "ChessBase"]
[SourceDate "2020.10.23"]
[SourceVersion "1"]
[SourceVersionDate "2020.10.23"]
[SourceQuality "1"]

1. d4 Nf6 2. Nf3 g6 3. g3 Bg7 4. Bg2 0-0 5. 0-0 d6 6. c4 Nc6 7. Nc3 a6 8. e4 Bg4 9. h3 Bxf3 10. Bxf3 e5 11. d5 Nd4 12. Be3 Nxf3+ 13. Qxf3 Nd7 14. Qg2 f5 15. f3 f4 16. Bf2 Bf6 17. g4 Bh4 18. b4 Nb6 19. Bxb6 cxb6 20. Rac1 Rf7 21. Rc2 Rc8 22. Nb1 Bg3 23. Nd2 h5 24. Rfc1 hxg4 25. hxg4 Qh4 26. Kf1 Qe7 27. Ke2 Rh7 28. Nf1 Bh4 29. Qg1 Qc7 30. Kd3 Be7 31. a4 Rh3 32. Qg2 Rh7 33. Qg1 Kg7 34. Rh2 Rxh2 35. Qxh2 b5 36. Nd2 Qb6 37. Rh1 bxc4+ 38. Kc2 Rg8 39. Qh7+ Kf8 40. Rh6 Qxb4 41. Rxg6 Qxa4+ 42. Kc1 Rxg6 43. Qxg6 c3 44. Qf5+ Kg7 45. Qe6 Qa1+ 46. Nb1 Qb2+ 47. Kd1 c2+ 0-1

[Event "Giraldilla de La Habana op"]
[Site "Havana"]
[Date "2018.07.30"]
[Round "5"]
[White "Gonzalez Crespo, Darian"]
[Black "Garcia Torres, Eldys"]
[Result "1-0"]
[WhiteElo "2063"]
[BlackElo "1929"]
[PlyCount "56"]
[EventDate "2018.07.28"]
[EventType "swiss"]
[EventRounds "9"]
[EventCountry "CUB"]
[SourceTitle "EXT 2021"]
[Source "ChessBase"]
[SourceDate "2020.10.23"]
[SourceVersion "1"]
[SourceVersionDate "2020.10.23"]
[SourceQuality "1"]

1. d4 d5 2. Nf3 Nf6 3. Bf4 e6 4. e3 Bd6 5. Bg5 Nbd7 6. Nbd2 h6 7. Bh4 c5 8. c3 cxd4 9. exd4 Qc7 10. Bd3 a6 11. 0-0 0-0 12. Re1 b5 13. a3 Bb7 14. Qe2 Rfe8 15. Ne5 Bf8 16. f4 Nxe5 17. fxe5 Ne4 18. Nxe4 dxe4 19. Bxe4 Bxe4 20. Qxe4 a5 21. Rf1 Rab8 22. Rf3 b4 23. axb4 axb4 24. Raf1 Qb7 25. Qf4 bxc3 26. bxc3 Rec8 27. h3 Rc4 28. Kh2 Rbc8 1-0

[Event "Maria Teresa Mora Memorial op"]
[Site "Havana"]
[Date "2018.??.??"]
[Round "4"]
[White "Gonzalez Crespo, Darian"]
[Black "Santander Valle, David A"]
[Result "1-0"]
[WhiteElo "2062"]
[BlackElo "2009"]
[PlyCount "71"]
[EventDate "2018.03.08"]
[EventType "swiss"]
[EventRounds "9"]
[EventCountry "CUB"]
[SourceTitle "EXT 2021"]
[Source "ChessBase"]
[SourceDate "2020.10.23"]
[SourceVersion "1"]
[SourceVersionDate "2020.10.23"]
[SourceQuality "1"]

1. d4 Nf6 2. Nf3 g6 3. Bg5 Bg7 4. Nbd2 d5 5. e3 0-0 6. Be2 c5 7. c3 b6 8. 0-0 Nbd7 9. Ne1 Bb7 10. f4 c4 11. Nef3 Ng4 12. f5 gxf5 13. Ne1 Nh6 14. Nc2 Nf6 15. Qe1 Kh8 16. Qh4 Nfg8 17. Bf3 f6 18. Bxh6 Nxh6 19. Rf2 Qc7 20. Nf1 e6 21. Ng3 Nf7 22. Nh5 Ng5 23. Nf4 Kg8 24. Qg3 Rfe8 25. h4 Nxf3+ 26. gxf3 Kf7 27. Rg2 Rg8 28. Qxg7+ Rxg7 29. Rxg7+ Kxg7 30. Nxe6+ Kf7 31. Nxc7 Rg8+ 32. Kf2 a6 33. Nb4 Rd8 34. Nbxa6 Rc8 35. Rg1 h6 36. h5 1-0